MyGZULibrary

Nationality and statelessness under international law / (Record no. 3351)

MARC details
000 -LEADER
fixed length control field 03012cam a2200409 i 4500
001 - CONTROL NUMBER
control field 18181752
003 - CONTROL NUMBER IDENTIFIER
control field GZU
005 - DATE AND TIME OF LATEST TRANSACTION
control field 20201125104552.0
008 - FIXED-LENGTH DATA ELEMENTS--GENERAL INFORMATION
fixed length control field 140609s2014 enk b 001 0 eng
010 ## - LIBRARY OF CONGRESS CONTROL NUMBER
LC control number 2014022527
020 ## - INTERNATIONAL STANDARD BOOK NUMBER
International Standard Book Number 9781107032446 (hardback)
020 ## - INTERNATIONAL STANDARD BOOK NUMBER
International Standard Book Number 110703244X (hardback)
040 ## - CATALOGING SOURCE
Original cataloging agency DLC
Language of cataloging eng
Transcribing agency DLC
Description conventions rda
042 ## - AUTHENTICATION CODE
Authentication code pcc
050 00 - LIBRARY OF CONGRESS CALL NUMBER
Classification number K7128.
Item number N38 2014
082 00 - DEWEY DECIMAL CLASSIFICATION NUMBER
Classification number 342.08/3
Edition number 23
084 ## - OTHER CLASSIFICATION NUMBER
Classification number LAW051000
Number source bisacsh
245 00 - TITLE STATEMENT
Title Nationality and statelessness under international law /
Statement of responsibility, etc. edited by Alice Edwards and Laura van Waas.
264 #1 - PRODUCTION, PUBLICATION, DISTRIBUTION, MANUFACTURE, AND COPYRIGHT NOTICE
Place of production, publication, distribution, manufacture Cambridge, United Kingdom :
Name of producer, publisher, distributor, manufacturer Cambridge University Press,
Date of production, publication, distribution, manufacture, or copyright notice 2014.
300 ## - PHYSICAL DESCRIPTION
Extent xvii, 306 pages ;
Dimensions 24 cm
336 ## - CONTENT TYPE
Content type term text
Source rdacontent
337 ## - MEDIA TYPE
Media type term unmediated
Source rdamedia
338 ## - CARRIER TYPE
Carrier type term volume
Source rdacarrier
504 ## - BIBLIOGRAPHY, ETC. NOTE
Bibliography, etc. note Includes bibliographical references and index.
505 8# - FORMATTED CONTENTS NOTE
Formatted contents note Introduction / Alice Edwards and Laura van Waas -- The meaning of nationality in international law in an era of human rights : procedural and substantive aspects / Alice Edwards -- Statelessness and citizenship in ethical and political perspective / Matthew J. Gibney -- The UN Statelessness Conventions / Laura van Waas -- UNHCR's mandate and activities to address statelessness Mark Manly -- The determination of statelessness and the establishment of statelessness-specific protection regime / Gábor Gyulai -- Children, their right to nationality and child statelessness Gerard-René de Groot -- Women, nationality and statelessness : the problem of unequal rights / Radha Govil and Alice Edwards -- Deprivation of nationality : limitations on rendering persons stateless under international law / Jorunn Brandvol -- State succession and issues of nationality and statelessness / Inete Ziemele -- The nexus between statelessness and migration / Sophie Nonnenmacher and Ryszard Cholewinski -- More or less secure? Nationality questions, deportation and dual nationality / Kim Rubenstein and Niamh Lenagh-Maguire.
520 ## - SUMMARY, ETC.
Summary, etc. "Written by leading experts, Nationality and Statelessness under International Law introduces the study and practice of 'international statelessness law' and explains the complex relationship between the international law on nationality and the phenomenon of statelessness. It also identifies the rights of stateless people, outlines the major legal obstacles preventing the eradication of statelessness and charts a course for this new and rapidly changing field of study"--
Assigning source Provided by publisher.
650 #0 - SUBJECT ADDED ENTRY--TOPICAL TERM
Topical term or geographic name entry element Stateless persons.
650 #0 - SUBJECT ADDED ENTRY--TOPICAL TERM
Topical term or geographic name entry element Citizenship.
650 #0 - SUBJECT ADDED ENTRY--TOPICAL TERM
Topical term or geographic name entry element Statelessness.
650 #7 - SUBJECT ADDED ENTRY--TOPICAL TERM
Topical term or geographic name entry element LAW / International.
Source of heading or term bisacsh
700 1# - ADDED ENTRY--PERSONAL NAME
Personal name Edwards, Alice,
Relator term editor.
700 1# - ADDED ENTRY--PERSONAL NAME
Personal name Waas, Laura van,
Dates associated with a name 1981-
Relator term editor.
856 42 - ELECTRONIC LOCATION AND ACCESS
Materials specified Cover image
Uniform Resource Identifier <a href="http://assets.cambridge.org/97811070/32446/cover/9781107032446.jpg">http://assets.cambridge.org/97811070/32446/cover/9781107032446.jpg</a>
906 ## - LOCAL DATA ELEMENT F, LDF (RLIN)
a 7
b cbc
c orignew
d 1
e ecip
f 20
g y-gencatlg
942 ## - ADDED ENTRY ELEMENTS (KOHA)
Source of classification or shelving scheme Library of Congress Classification
Koha item type Books
Classification part 7128
Item part NAT
Call number prefix K
Call number suffix 2014
Holdings
Withdrawn status Lost status Damaged status Not for loan Collection code Home library Current library Shelving location Date acquired Total Checkouts Full call number Barcode Date last seen Copy number Price effective from Koha item type Source of acquisition Inventory number Date last checked out
        Non-fiction City Campus Library City Campus Library General Stacks 11/25/2020   K 7128 NAT 2014 029050 11/25/2020 c.1 11/25/2020 Books      
        Non-fiction City Campus Library City Campus Library General Stacks 11/25/2020   K7128 NAT 2014 029047 11/25/2020 c.2 11/25/2020 Books      
        Non-fiction City Campus Library City Campus Library General Stacks 11/25/2020   K7128 NAT 2014 029043 11/25/2020 c.3 11/25/2020 Books      
        Non-fiction City Campus Library City Campus Library General Stacks 11/25/2020   K 7128 NAT 2014 029051 11/25/2020 c.4 11/25/2020 Books      
        Non-fiction City Campus Library City Campus Library General Stacks 11/25/2020   K 7128 NAT 2014 029042 11/25/2020 c.5 11/25/2020 Books      
        Non-fiction Law Library Law Library General Stacks 05/24/2021   K7128 NAT 2014 029899 05/24/2021 c.12 05/24/2021 Books      
        Non-fiction Law Library Law Library General Stacks 06/11/2021   K7128 NAT 2014 029048 06/11/2021 c.13 06/11/2021 Books   029048  
        Non-fiction Law Library Law Library General Stacks 06/11/2021   K7128 NAT 2014 029052 06/11/2021 c.14 06/11/2021 Books   029052  
        Non-fiction Law Library Law Library General Stacks 06/11/2021   K7128 NAT 2014 029054 06/11/2021 c.15 06/11/2021 Books   029054  
        Non-fiction Law Library Law Library General Stacks 06/11/2021   K7128 NAT 2014 029044 06/11/2021 c.16 06/11/2021 Books   029044  
        Non-fiction Law Library Law Library General Stacks 06/11/2021   K7128 NAT 2014 029046 06/11/2021 c.17 06/11/2021 Books   029046  
        Non-fiction Law Library Law Library General Stacks 06/11/2021 1 K7128 NAT 2014 029897 03/18/2024 c.18 06/11/2021 Books   029897 03/12/2024
        Non-fiction Mashava Campus Library Mashava Campus Library General Stacks 05/12/2021   K7128 NAT 2014 029049 05/12/2021 C.6 05/12/2021 Books Purchase 029049  
        Non-fiction Mashava Campus Library Mashava Campus Library General Stacks 05/12/2021   K7128 NAT 2014 029037 05/12/2021 C.7 05/12/2021 Books Purchase 029037  
        Non-fiction Mashava Campus Library Mashava Campus Library General Stacks 05/12/2021   K7128 NAT 2014 029038 05/12/2021 C.8 05/12/2021 Books Purchase 029038  
        Non-fiction Mashava Campus Library Mashava Campus Library General Stacks 05/12/2021   K7128 NAT 2014 029041 05/12/2021 C.9 05/12/2021 Books Purchase 029041  
        Non-fiction Mashava Campus Library Mashava Campus Library General Stacks 05/12/2021   K7128 NAT 2014 029045 05/12/2021 C.10 05/12/2021 Books Purchase 029045  
        Non-fiction Mashava Campus Library Mashava Campus Library General Stacks 05/12/2021   K7128 NAT 2014 029039 05/12/2021 C.11 05/12/2021 Books Purchase 029039